Environmental Issues and Strategic Corporate Social Responsibility for Organizational Competitiveness

Multidimenzionálny upravený koncepčný model založený na teórii zainteresovaných strán a predchádzajúcej literatúre. Pokus o vyhodnotenie asociácie environmentálnych problémov a praktík podnikovej sociálnej zodpovednosti organizácie a vplyvu týchto dvoch faktorov na celkovú konkurencieschopnosť. Štyr...

Descrizione completa

Salvato in:
Dettagli Bibliografici
Autore principale: Raheem Ahmed, Rizwan
Altri autori: Streimikiene, Dalia
Natura: Capitolo di libro
Lingua:inglese
Soggetti:
Tags: Aggiungi Tag
Nessun Tag, puoi essere il primo ad aggiungerne!!

MARC

LEADER 00000naa a2200000 4500
001 0277473
005 20210726093628.6
041 0 |a eng 
044 |a CZ 
245 1 0 |a Environmental Issues and Strategic Corporate Social Responsibility for Organizational Competitiveness  |c Rizwan Raheem Ahmed, Dalia Streimikiene 
520 |a Multidimenzionálny upravený koncepčný model založený na teórii zainteresovaných strán a predchádzajúcej literatúre. Pokus o vyhodnotenie asociácie environmentálnych problémov a praktík podnikovej sociálnej zodpovednosti organizácie a vplyvu týchto dvoch faktorov na celkovú konkurencieschopnosť. Štyri faktory sociálnej zodpovednosti podnikov týkajúce sa životného prostredia, ktoré ovplyvňujú konkurenčný výkon organizácie. Ekologické inovácie ako sprostredkovateľ a marketingové aplikácie sociálnych médií ako moderátor, z dôvodu preskúmania vplyvu na konkurencieschopnosť organizácie. 
610 2 0 |a zodpovednosť podniku spoločenská 
610 2 0 |a výkonnosť podniku 
610 2 0 |a konkurencieschopnosť 
610 2 0 |a inovácie environmentálne 
610 2 0 |a ekológia 
100 1 |a Raheem Ahmed, Rizwan 
700 1 |a Streimikiene, Dalia